| 000 | 00672nam a22002172 4500 | ||
|---|---|---|---|
| 001 | 0000019293 | ||
| 005 | 20151217152151.0 | ||
| 008 | 101025s xx 000 0 eng d | ||
| 020 | _a039397202x : | ||
| 040 |
_aKABU _cKABU |
||
| 245 | 1 | 4 |
_aThe Norton introduction to literature / _c[ edited by] Jerome Beaty, J. Paul Hunter. |
| 250 | _a7th ed. | ||
| 260 |
_aNew York : _bW. W. Norton, _c1998. |
||
| 300 | _axxxiv, 2132 p. | ||
| 650 | 0 |
_aLiterature _xCollections. _@0000169522 |
|
| 700 | 1 |
_aBeaty, Jerome. _@0000178989 |
|
| 700 | 1 |
_aHunter, J. Paul. _@0000178990 |
|
| 852 | 1 | _9p500 KES | |
| 908 | _a101025 | ||
| 950 | _@1 | ||
| 999 |
_c8924 _d8924 |
||